Statistics for World Capitals - 15 Second Sprint

Click here to take the quiz!

General Stats

  • This quiz has been taken 13,902 times
  • The average score is 9 of 196

Answer Stats

capital city% Correct
London
45%
Paris
45%
Berlin
30%
Rome
28%
Washington
23%
Buenos Aires
22%
Madrid
22%
Moscow
22%
Brasilia
20%
Lima
19%
Tokyo
19%
La Paz or Sucre
18%
Oslo
18%
Ottawa
18%
Santiago
15%
Beijing
14%
Vienna
13%
Lisbon
12%
Quito
12%
Tirana
12%
Bern
11%
Dublin
11%
Bogotá
10%
Athens
9%
Brussels
9%
Helsinki
9%
Riga
9%
Seoul
9%
Minsk
8%
Baku
7%
Canberra
7%
Dili
7%
Kyiv
7%
Mexico City
7%
New Delhi
7%
Prague
7%
Stockholm
7%
Amsterdam
6%
Kabul
6%
Lomé
6%
Sofia
6%
Warsaw
6%
Zagreb
6%
Andorra la Vella
5%
Ankara
5%
Cairo
5%
Caracas
5%
Copenhagen
5%
Doha
5%
Manila
5%
Suva
5%
Tallinn
5%
Vatican City
5%
Apia
4%
Asunción
4%
Budapest
4%
Dhaka
4%
Georgetown
4%
Juba
4%
Malé
4%
Sarajevo
4%
Tehran
4%
Yerevan
4%
Algiers
3%
Hanoi
3%
Jakarta
3%
Manama
3%
Monaco
3%
Montevideo
3%
Rabat
3%
Riyadh
3%
Singapore
3%
Tunis
3%
Vaduz
3%
Vilnius
3%
Abu Dhabi
2%
Abuja
2%
Accra
2%
Amman
2%
Astana
2%
Baghdad
2%
Bandar Seri Begawan
2%
Bangkok
2%
Beirut
2%
Belgrade
2%
Bucharest
2%
Chișinău
2%
Colombo
2%
Dakar
2%
Guatemala City
2%
Havana
2%
Islamabad
2%
Kingston
2%
Ljubljana
2%
Luxembourg
2%
Nassau
2%
Ngerulmud
2%
Nicosia
2%
Ouagadougou
2%
Panama City
2%
Paramaribo
2%
Podgorica
2%
Praia
2%
Pristina
2%
Pyongyang
2%
Reykjavik
2%
Sana'a
2%
San Marino
2%
Skopje
2%
St John's
2%
Taipei
2%
Tbilisi
2%
Valletta
2%
Wellington
2%
Yaren
2%
Addis Ababa
1%
Antananarivo
1%
Asmara
1%
Bamako
1%
Bangui
1%
Banjul
1%
Belmopan
1%
Bishkek
1%
Bissau
1%
Bratislava
1%
Bridgetown
1%
Conakry
1%
Damascus
1%
Djibouti
1%
Dodoma
1%
Dushanbe
1%
Funafuti
1%
Gaborone
1%
Gitega
1%
Harare
1%
Honiara
1%
Jerusalem
1%
Kampala
1%
Kathmandu
1%
Khartoum
1%
Kingstown
1%
Kinshasa
1%
Kuala Lumpur
1%
Kuwait City
1%
Lilongwe
1%
Luanda
1%
Lusaka
1%
Majuro
1%
Malabo
1%
Managua
1%
Maputo
1%
Maseru
1%
Mbabane
1%
Moroni
1%
Muscat
1%
Nairobi
1%
Naypyidaw
1%
N'Djamena
1%
Niamey
1%
Nouakchott
1%
Nuku'alofa
1%
Palikir
1%
Phnom Penh
1%
Port Louis
1%
Port Moresby
1%
Porto-Novo or Cotonou
1%
Port Vila
1%
Pretoria, Cape Town or Bloemfontein
1%
Roseau
1%
San Jose
1%
San Salvador
1%
Santo Domingo
1%
São Tomé
1%
South Tarawa
1%
St George's
1%
Tashkent
1%
Tegucigalpa
1%
Thimphu
1%
Tripoli
1%
Ulaanbaatar
1%
Vientiane
1%
Windhoek
1%
Yamoussoukro
1%
Yaoundé
1%
Ashgabat
0%
Basseterre
0%
Brazzaville
0%
Castries
0%
Freetown
0%
Kigali
0%
Libreville
0%
Mogadishu
0%
Monrovia
0%
Port-au-Prince
0%
Port-of-Spain
0%
Victoria
0%

Score Distribution

Percentile by Number Answered

Percent of People with Each Score

Your Score History

You have not taken this quiz